The Tribal Art of Middle India (Record no. 23044)

MARC details
000 -LEADER
fixed length control field 00313nam a22001337a 4500
020 ## - INTERNATIONAL STANDARD BOOK NUMBER
ISBN 9789387587069
082 ## - DEWEY DECIMAL CLASSIFICATION NUMBER
Classification number 709.54 ELW
100 ## - MAIN ENTRY--AUTHOR NAME
Author name Elwin, Verrier
245 ## - TITLE STATEMENT
Title The Tribal Art of Middle India
260 ## - PUBLICATION, DISTRIBUTION, ETC. (IMPRINT)
Place of publication Delhi
Name of publisher B.R. Publishing Corporation
Year of publication 2018
300 ## - PHYSICAL DESCRIPTION
Number of Pages 213
650 ## - SUBJECT ADDED ENTRY--TOPICAL TERM
Topical Term Tribal art
942 ## - ADDED ENTRY ELEMENTS (KOHA)
Koha item type Books
Holdings
Collection code Home library Current library Shelving location Date acquired Source of acquisition Cost, normal purchase price Full call number Accession Number Koha item type
Non-fiction Henry Martyn Institute Library Henry Martyn Institute Library General stacks 09/15/2020 Dasgupta Publishers, Kolkata 1500.00 709.54 ELW 25732 Books
                   Copyright © 2026 | Henry Martyn Institute | Hyderabad | TS-500052 | INDIA | Implemented by hmi.edu.in
Hit-Count:

Powered by Koha